[Event "29. Erfurter Schachfestival 2019 - Meis"]
[Site "Erfurt"]
[Date "2019.12.28"]
[Round "4.37"]
[White "Scheitz, Michael"]
[Black "Niedzielski, Lars"]
[Result "0-1"]
[WhiteElo "2084"]
[BlackElo "1939"]
[PlyCount "64"]
[EventDate "2019.12.26"]

1. c4 Nf6 2. Nc3 g6 3. e4 d6 4. d4 Bg7 5. f3 O-O 6. Bg5 Na6 7. Qd2 c5 8. d5 Nc7
9. Nge2 e6 10. Ng3 exd5 11. cxd5 h5 12. Be2 Bd7 13. a4 a6 14. O-O b5 15. Qc2
bxa4 16. Nxa4 Nb5 17. Bxb5 axb5 18. Nc3 b4 19. Rxa8 Qxa8 20. Nd1 Bb5 21. Re1
Re8 22. Qd2 Nd7 23. f4 Nb6 24. f5 Bd4+ 25. Kh1 Nc4 26. Qe2 Qb7 27. Nxh5 gxh5
28. Qxh5 f6 29. Bh4 Qh7 30. Qg4+ Kf7 31. Bf2 Ne5 32. Qf4 Nd3 0-1

[Event "29. Erfurter Schachfestival 2019 - Meis"]
[Site "Erfurt"]
[Date "2019.12.28"]
[Round "4.38"]
[White "Held, Carsten"]
[Black "Sieber, Heiko"]
[Result "0-1"]
[WhiteElo "2082"]
[BlackElo "1949"]
[PlyCount "47"]
[EventDate "2019.12.26"]

1. Nf3 d5 2. c4 d4 3. d3 f6 4. b4 e5 5. Qb3 a5 6. b5 Nd7 7. Ba3 Bxa3 8. Qxa3 b6
9. g3 Bb7 10. Nbd2 Nc5 11. Nb3 Nxb3 12. Qxb3 Qd6 13. Bh3 Ne7 14. O-O g5 15. c5
Qxc5 16. Rac1 Qd6 17. Be6 Nd5 18. Bg4 h5 19. Bf5 Nc3 20. Rfe1 Bd5 21. Bg6+ Kd8
22. Qb2 Nxa2 23. Rc2 Nc3 24. Nd2 0-1

[Event "29. Erfurter Schachfestival 2019 - Meis"]
[Site "Erfurt"]
[Date "2019.12.28"]
[Round "4.39"]
[White "Rahimi, Rahim"]
[Black "Popist, Florian"]
[Result "1/2-1/2"]
[WhiteElo "1945"]
[BlackElo "2076"]
[PlyCount "86"]
[EventDate "2019.12.26"]

1. Nf3 d5 2. b3 Nf6 3. e3 Bf5 4. Bb2 e6 5. d4 Bd6 6. Nbd2 Nbd7 7. c4 c6 8. a4
a5 9. Ba3 Bxa3 10. Rxa3 Ne4 11. Nxe4 dxe4 12. Nd2 e5 13. c5 O-O 14. Nc4 Bg6 15.
Ra2 Qe7 16. Be2 f5 17. Bh5 Bxh5 18. Qxh5 exd4 19. exd4 b6 20. Qd1 bxc5 21. d5
Ne5 22. d6 Qe6 23. O-O Nxc4 24. bxc4 Rfd8 25. Rd2 Rd7 26. Qb3 Rxd6 27. Rxd6
Qxd6 28. Rd1 Qg6 29. Qb6 h6 30. Qxc5 f4 31. Rd6 Qg4 32. Qxc6 Rb8 33. Qxe4 f3
34. Qd5+ Kh7 35. Qd3+ Kg8 36. Rd8+ Kf7 37. Qd5+ Kf6 38. Qc6+ Kg5 39. Rd5+ Kh4
40. g3+ Kh3 41. Rd1 Rc8 42. Qd5 Rxc4 43. Qd3 Qe4 1/2-1/2

[Event "29. Erfurter Schachfestival 2019 - Meis"]
[Site "Erfurt"]
[Date "2019.12.28"]
[Round "4.40"]
[White "Nicolai, Tim"]
[Black "Reitz, Philipp"]
[Result "1-0"]
[WhiteElo "1913"]
[BlackElo "2068"]
[PlyCount "91"]
[EventDate "2019.12.26"]

1. e4 e5 2. Nc3 Nc6 3. f4 exf4 4. Nf3 Be7 5. Bc4 Bh4+ 6. Kf1 Nh6 7. h3 d6 8. d4
Bg3 9. Ne2 Qf6 10. Nxg3 fxg3 11. Bg5 Qg6 12. Qd2 Bd7 13. Nh4 Qh5 14. Be2 Ng4
15. hxg4 Bxg4 16. Bxg4 Qxg4 17. Nf3 f6 18. Qf4 Qd7 19. Bh4 Nb4 20. Qd2 Qb5+ 21.
Kg1 O-O-O 22. Bxg3 Rde8 23. Re1 h5 24. a3 Nc6 25. Qd3 Qxb2 26. Kh2 Qb6 27. Rb1
Qa5 28. Rb5 Qa4 29. Rhb1 h4 30. Bf2 b6 31. d5 Ne7 32. R1b4 Qa6 33. Nd4 h3 34.
gxh3 Ng6 35. Bg3 Ne5 36. Bxe5 Rxe5 37. Rxb6 Qxd3 38. Rb8+ Kd7 39. cxd3 Reh5 40.
Rxh8 Rxh8 41. Rb7 g5 42. Ne6 Kc8 43. Rxc7+ Kb8 44. Kg3 Re8 45. Rf7 Rc8 46. Rf8
1-0

[Event "29. Erfurter Schachfestival 2019 - Meis"]
[Site "Erfurt"]
[Date "2019.12.28"]
[Round "4.41"]
[White "Schulte, Jürgen"]
[Black "Reucker, Friedrich"]
[Result "1/2-1/2"]
[WhiteElo "2062"]
[BlackElo "1945"]
[PlyCount "58"]
[EventDate "2019.12.26"]

1. d4 Nf6 2. c4 e6 3. Nc3 d5 4. cxd5 exd5 5. Bg5 Nbd7 6. e3 Be7 7. Bd3 O-O 8.
Nge2 c6 9. Qc2 Re8 10. O-O h6 11. Bh4 Ne4 12. Bg3 Nxg3 13. Nxg3 Nf6 14. f3 Bd6
15. Qf2 Qc7 16. Rae1 h5 17. f4 Bd7 18. h3 a6 19. Qf3 g6 20. Nge2 Qc8 21. f5
Bxf5 22. Bxf5 Qxf5 23. Qxf5 gxf5 24. Rxf5 Re6 25. Ref1 Kg7 26. Nf4 Bxf4 27.
R1xf4 Rf8 28. Ne2 Rxe3 29. Kf2 Re6 1/2-1/2

[Event "29. Erfurter Schachfestival 2019 - Meis"]
[Site "Erfurt"]
[Date "2019.12.28"]
[Round "4.42"]
[White "Schuffenhauer, Robert"]
[Black "Wolf, Andreas"]
[Result "1/2-1/2"]
[WhiteElo "1905"]
[BlackElo "2056"]
[PlyCount "97"]
[EventDate "2019.12.26"]

1. d4 Nf6 2. c4 e6 3. Nf3 d5 4. e3 Be7 5. b3 O-O 6. Bb2 b6 7. cxd5 Nxd5 8. Nbd2
Bb7 9. a3 Nd7 10. Rc1 Rc8 11. Bd3 c5 12. O-O cxd4 13. Bxd4 Bf6 14. Rxc8 Qxc8
15. Qb1 g6 16. Rc1 Qb8 17. Bxf6 N5xf6 18. b4 Ne5 19. Be2 Rd8 20. Qb2 Bxf3 21.
Nxf3 Nxf3+ 22. Bxf3 Nd5 23. Bxd5 Rxd5 24. h3 Qd8 25. Rc6 Rd1+ 26. Kh2 Rd6 27.
Rxd6 Qxd6+ 28. g3 h5 29. h4 Qd3 30. Kg2 Qe4+ 31. Kg1 Qd3 32. Kg2 a6 33. Qc1 a5
34. bxa5 bxa5 35. Qb2 Qd5+ 36. Kg1 Qd1+ 37. Kg2 Qd5+ 38. Kg1 Qc5 39. a4 Qb4 40.
Qc2 Kg7 41. Kf1 Kf6 42. Ke2 g5 43. hxg5+ Kxg5 44. Qc6 f5 45. Qxe6 Qxa4 46. f4+
Kg4 47. Qg6+ Kh3 48. Qxh5+ Kxg3 49. Qg5+ 1/2-1/2

[Event "29. Erfurter Schachfestival 2019 - Meis"]
[Site "Erfurt"]
[Date "2019.12.28"]
[Round "4.44"]
[White "Berberich, Christoph"]
[Black "Payyappat, Sreyas"]
[Result "0-1"]
[WhiteElo "1988"]
[BlackElo "2166"]
[PlyCount "142"]
[EventDate "2019.12.26"]

1. d4 Nf6 2. Nf3 d5 3. c4 e6 4. e3 c5 5. Nc3 Nc6 6. a3 a6 7. dxc5 Bxc5 8. b4
Bb6 9. cxd5 exd5 10. Be2 O-O 11. O-O Re8 12. Bb2 Be6 13. Na4 Ba7 14. Rc1 Ne4
15. Nd4 Qg5 16. Nc5 Bh3 17. Bf3 Nxc5 18. bxc5 Bb8 19. Nxc6 bxc6 20. Re1 Bf5 21.
g3 Be5 22. Bxe5 Rxe5 23. Qa4 Qg6 24. Rcd1 Bc2 25. Qa5 Bxd1 26. Rxd1 h6 27. Rd4
Qf6 28. Kg2 Rf5 29. Rf4 Rxf4 30. gxf4 Qg6+ 31. Kh3 Qc2 32. Kg3 Qg6+ 33. Kh3 Qb1
34. Qc7 Qf1+ 35. Kg3 Qb5 36. Qe7 Qb8 37. Bh5 Qf8 38. Qb7 g6 39. Bg4 f5 40. Bf3
Qc8 41. Qe7 Rb8 42. h4 Rb7 43. Qf6 Rf7 44. Qd6 Qc7 45. Qe6 Qd7 46. Qe5 Rf8 47.
Kh2 Re8 48. Qf6 Re6 49. Qb2 Qc7 50. Kh3 Qc8 51. Qb6 Re7 52. Be2 Rb7 53. Qxa6
Qc7 54. Bf3 Ra7 55. Qd3 Qa5 56. Qd4 Rg7 57. a4 Qe1 58. Kg3 Qg1+ 59. Bg2 g5 60.
fxg5 hxg5 61. h5 f4+ 62. Kf3 g4+ 63. Ke2 Qxg2 64. h6 f3+ 65. Kd3 Qf1+ 66. Kc2
Qxf2+ 67. Kc1 Qf1+ 68. Kb2 Rb7+ 69. Ka3 Qc1+ 70. Ka2 Qb1+ 71. Ka3 Qb3# 0-1

[Event "29. Erfurter Schachfestival 2019 - Meis"]
[Site "Erfurt"]
[Date "2019.12.28"]
[Round "4.45"]
[White "Grohmann, Alexander"]
[Black "Kirschbaum, Gunnar"]
[Result "1/2-1/2"]
[WhiteElo "1980"]
[BlackElo "2083"]
[PlyCount "53"]
[EventDate "2019.12.26"]

1. e4 d6 2. Nc3 e5 3. f4 exf4 4. Bc4 Qh4+ 5. Kf1 Be6 6. Qe2 Nd7 7. Nf3 Qd8 8.
d4 Bxc4 9. Qxc4 g5 10. h4 f6 11. Nb5 Rc8 12. Nxa7 Ra8 13. Nb5 Rc8 14. hxg5 fxg5
15. Qe6+ Qe7 16. Nxg5 Qxe6 17. Nxe6 Ndf6 18. Bxf4 Kd7 19. Ng5 h5 20. Nc3 Ne7
21. Bd2 Nc6 22. Nf3 Bg7 23. d5 Ne7 24. Re1 Ng6 25. Ke2 Ng4 26. Nh2 N4e5 27. Kd1
1/2-1/2

[Event "29. Erfurter Schachfestival 2019 - Meis"]
[Site "Erfurt"]
[Date "2019.12.28"]
[Round "4.46"]
[White "Schönfeld, Volker"]
[Black "Heinke, Jasper"]
[Result "0-1"]
[WhiteElo "1968"]
[BlackElo "2066"]
[PlyCount "52"]
[EventDate "2019.12.26"]

1. e4 e6 2. d4 d5 3. Nd2 Nf6 4. e5 Nfd7 5. Bd3 c5 6. c3 Nc6 7. Ne2 cxd4 8. cxd4
Qb6 9. Nf3 f6 10. exf6 Nxf6 11. O-O Bd6 12. b3 O-O 13. Bb2 Bd7 14. Rc1 a5 15.
Ne5 Bxe5 16. dxe5 Ng4 17. Bd4 Nxd4 18. Nxd4 Rf4 19. Nf3 Raf8 20. Be2 Bb5 21.
Bxb5 Qxb5 22. Rc3 d4 23. Rc4 Rxf3 24. gxf3 Nxe5 25. Qe2 Nxf3+ 26. Kh1 Qd5 0-1

[Event "29. Erfurter Schachfestival 2019 - Meis"]
[Site "Erfurt"]
[Date "2019.12.28"]
[Round "4.47"]
[White "Minor, Viatcheslav"]
[Black "Schlick, Stefan"]
[Result "1/2-1/2"]
[WhiteElo "2062"]
[BlackElo "1997"]
[PlyCount "37"]
[EventDate "2019.12.26"]

1. e4 e5 2. Bc4 Nf6 3. Nc3 Nc6 4. d3 Na5 5. Nge2 Bc5 6. O-O d6 7. Bg5 Nxc4 8.
dxc4 c6 9. Qd3 h6 10. Bxf6 Qxf6 11. Rad1 Be6 12. Na4 Rd8 13. b3 O-O 14. Nxc5
dxc5 15. Qc3 Rxd1 16. Rxd1 Rd8 17. Rd3 Rxd3 18. Qxd3 Qe7 19. Nc3 1/2-1/2

[Event "29. Erfurter Schachfestival 2019 - Meis"]
[Site "Erfurt"]
[Date "2019.12.28"]
[Round "4.48"]
[White "Reitz, Theresa"]
[Black "Bonnelykke, Ole"]
[Result "1-0"]
[WhiteElo "1961"]
[BlackElo "2059"]
[PlyCount "53"]
[EventDate "2019.12.26"]

1. Nf3 Nc6 2. d4 d5 3. g3 Bf5 4. Bg2 Qd7 5. c4 Nf6 6. Ne5 Nxe5 7. dxe5 Ng4 8.
Qxd5 Qxd5 9. cxd5 Nxe5 10. Nc3 O-O-O 11. Nb5 e6 12. Bf4 Bb4+ 13. Kf1 f6 14. Rc1
Ba5 15. Nd4 g5 16. Bxe5 fxe5 17. Nxe6 Bxe6 18. dxe6 Rd2 19. Bh3 Bb6 20. Rc3
Rxb2 21. e7+ Kb8 22. Bd7 Bd4 23. Rf3 Bc5 24. e8=Q+ Rxe8 25. Bxe8 a5 26. Bf7 b5
27. Rb3 1-0

[Event "29. Erfurter Schachfestival 2019 - Meis"]
[Site "Erfurt"]
[Date "2019.12.28"]
[Round "4.49"]
[White "Pedersen, Lars Wilton"]
[Black "Schulze, Mario"]
[Result "1/2-1/2"]
[WhiteElo "2047"]
[BlackElo "1911"]
[PlyCount "54"]
[EventDate "2019.12.26"]

1. g3 Nf6 2. Bg2 g6 3. f4 d5 4. Nf3 Bg7 5. d3 c6 6. c3 O-O 7. O-O a5 8. Qe1
Nbd7 9. Kh1 Re8 10. e4 e5 11. fxe5 Nxe5 12. Nxe5 Rxe5 13. Bf4 Re8 14. Bg5 h6
15. Bxf6 Bxf6 16. Qf2 Kg7 17. Nd2 Be6 18. a3 Be7 19. e5 Rf8 20. Qe2 Qb6 21. Nf3
a4 22. Nd4 c5 23. Nxe6+ fxe6 24. Bh3 Rxf1+ 25. Rxf1 Rf8 26. Rxf8 Bxf8 27. c4
dxc4 1/2-1/2

[Event "29. Erfurter Schachfestival 2019 - Meis"]
[Site "Erfurt"]
[Date "2019.12.28"]
[Round "4.50"]
[White "Schröter, Maik"]
[Black "Kroneder, Christian"]
[Result "0-1"]
[WhiteElo "1943"]
[BlackElo "2045"]
[PlyCount "50"]
[EventDate "2019.12.26"]

1. e4 c5 2. Nc3 Nc6 3. Nge2 g6 4. g3 Bg7 5. Bg2 e6 6. d3 Nge7 7. Be3 Nd4 8. Qd2
O-O 9. h4 h5 10. Nd1 d5 11. Nxd4 cxd4 12. Bh6 dxe4 13. Bxg7 e3 14. fxe3 Kxg7
15. e4 Qd6 16. Qf4 e5 17. Qd2 Be6 18. Nf2 Rac8 19. O-O Rc7 20. Nh3 Rfc8 21.
Rac1 Ng8 22. Ng5 Nh6 23. Bf3 Bg4 24. Bxg4 hxg4 25. h5 gxh5 0-1

[Event "29. Erfurter Schachfestival 2019 - Meis"]
[Site "Erfurt"]
[Date "2019.12.28"]
[Round "4.51"]
[White "Zech, Andreas"]
[Black "Pellicoro, Fabian"]
[Result "1-0"]
[WhiteElo "2038"]
[BlackElo "1889"]
[PlyCount "47"]
[EventDate "2019.12.26"]

1. c4 c5 2. Nc3 Nf6 3. g3 d5 4. cxd5 Nxd5 5. Bg2 Nc7 6. d3 Nc6 7. Be3 e6 8.
Bxc6+ bxc6 9. Qa4 Bb7 10. Nf3 Na6 11. O-O Be7 12. Rac1 O-O 13. Ne5 Rc8 14. Nc4
Bg5 15. Bxg5 Qxg5 16. Nd6 Qe7 17. Nxc8 Bxc8 18. Ne4 f5 19. Nxc5 Nxc5 20. Qb4 f4
21. Qxc5 Qf6 22. Qxc6 Qg5 23. Qd6 e5 24. Rxc8 1-0

[Event "29. Erfurter Schachfestival 2019 - Meis"]
[Site "Erfurt"]
[Date "2019.12.28"]
[Round "4.52"]
[White "Neubauer, Ralf"]
[Black "Wachsmann, Dietmar"]
[Result "1/2-1/2"]
[WhiteElo "1931"]
[BlackElo "2032"]
[PlyCount "47"]
[EventDate "2019.12.26"]

1. Nf3 d5 2. g3 Nf6 3. Bg2 e6 4. d4 Be7 5. c4 O-O 6. O-O c5 7. cxd5 exd5 8.
dxc5 Bxc5 9. Nc3 Nc6 10. e3 Re8 11. a3 Bg4 12. b4 Bf8 13. Ne2 Qd7 14. Bb2 Qf5
15. Nfd4 Nxd4 16. Bxd4 Qh5 17. f3 Be6 18. Qd3 a5 19. bxa5 Rxa5 20. Qc3 Rea8 21.
Nf4 Qg5 22. Qc7 Ne8 23. Qxb7 Qe7 24. Qb6 1/2-1/2

[Event "29. Erfurter Schachfestival 2019 - Meis"]
[Site "Erfurt"]
[Date "2019.12.28"]
[Round "4.53"]
[White "Röhr, Oliver"]
[Black "Diener, Carolin Valeria"]
[Result "1/2-1/2"]
[WhiteElo "2028"]
[BlackElo "1864"]
[PlyCount "110"]
[EventDate "2019.12.26"]

1. e4 e5 2. Nf3 Nc6 3. d4 exd4 4. Nxd4 Bc5 5. Nb3 Bb6 6. Nc3 Nf6 7. Qe2 Qe7 8.
Bg5 h6 9. Nd5 Qe6 10. Bxf6 gxf6 11. Qf3 f5 12. Qxf5 Qxf5 13. exf5 d6 14. g4 Ne5
15. Be2 Bd7 16. f4 Bc6 17. Nxb6 axb6 18. Rg1 Nf3+ 19. Bxf3 Bxf3 20. Nd4 Be4 21.
O-O-O Rxa2 22. Rde1 Ra1+ 23. Kd2 Rxe1 24. Rxe1 d5 25. Nb5 Kd7 26. Nc3 Rg8 27.
Nxe4 dxe4 28. h3 f6 29. Rxe4 h5 30. Re3 hxg4 31. Rg3 Rh8 32. hxg4 Rh2+ 33. Kd3
Rf2 34. g5 fxg5 35. fxg5 Rxf5 36. g6 Rf8 37. g7 Rg8 38. Ke4 Ke6 39. Rg6+ Kf7
40. Kf5 b5 41. Rf6+ Kxg7 42. Rg6+ Kf7 43. Rxg8 Kxg8 44. Ke6 c6 45. Kd6 Kf7 46.
Kc7 Ke6 47. Kxb7 Kd5 48. Kc7 Kc5 49. Kb7 Kd5 50. Kb6 Kd6 51. c3 Kd5 52. Ka5 Kc4
53. Kb6 Kb3 54. Kxc6 Kxb2 55. Kxb5 Kxc3 1/2-1/2

[Event "29. Erfurter Schachfestival 2019 - Meis"]
[Site "Erfurt"]
[Date "2019.12.28"]
[Round "4.54"]
[White "Cipra, Lothar"]
[Black "Schenk, Stefan"]
[Result "0-1"]
[WhiteElo "1921"]
[BlackElo "2009"]
[PlyCount "82"]
[EventDate "2019.12.26"]

1. d4 Nf6 2. c4 g6 3. Nc3 Bg7 4. e4 d6 5. f3 O-O 6. Be3 c5 7. d5 a6 8. Bd3 e6
9. Qd2 exd5 10. exd5 Re8 11. Nge2 Nbd7 12. Ng3 Ne5 13. Be2 h5 14. O-O h4 15.
Nge4 h3 16. Rf2 Nh5 17. g4 Nf6 18. Bh6 Nxe4 19. Nxe4 Bxh6 20. Qxh6 Nxg4 21.
fxg4 Rxe4 22. Rxf7 Kxf7 23. Rf1+ Bf5 24. gxf5 Ke8 25. Qxg6+ Kd7 26. f6 Qg8 27.
Qg7+ Qxg7+ 28. fxg7 Rg8 29. Rf7+ Re7 30. Bg4+ Ke8 31. Rxe7+ Kxe7 32. Bxh3 Rxg7+
33. Kf2 Kf6 34. Be6 Ke5 35. Kf3 b5 36. cxb5 axb5 37. Ke3 Rg2 38. h4 Rxb2 39. h5
Rxa2 40. Kf3 Rh2 41. Kg4 c4 0-1

[Event "29. Erfurter Schachfestival 2019 - Meis"]
[Site "Erfurt"]
[Date "2019.12.28"]
[Round "4.55"]
[White "Hornung, Hans"]
[Black "Schmid, Anton"]
[Result "0-1"]
[WhiteElo "2080"]
[BlackElo "1783"]
[PlyCount "84"]
[EventDate "2019.12.26"]

1. c4 e5 2. Nc3 Nf6 3. Nf3 Nc6 4. a3 d6 5. e3 g6 6. d4 Bg4 7. Be2 Bg7 8. d5 Ne7
9. e4 O-O 10. Be3 Bd7 11. Nd2 Ne8 12. O-O f5 13. f3 f4 14. Bf2 g5 15. b4 Rf7
16. c5 Bf8 17. Rc1 Rg7 18. Nc4 h5 19. h3 Ng6 20. c6 bxc6 21. Na5 Qc8 22. Nxc6
Bxh3 23. Nxa7 Rxa7 24. Bxa7 Nh4 25. Rf2 Bd7 26. Rf1 g4 27. Bf2 g3 28. Bb5 Bxb5
29. Nxb5 gxf2+ 30. Rxf2 Qb7 31. a4 Qb6 32. Kf1 Be7 33. Rc6 Qb8 34. Rfc2 Bd8 35.
Qd3 Ng6 36. Ke1 Ne7 37. R6c3 Qb6 38. Qf1 c5 39. dxc6 d5 40. exd5 Nxd5 41. Qc4
Qg1+ 42. Qf1 Bh4+ 0-1

[Event "29. Erfurter Schachfestival 2019 - Meis"]
[Site "Erfurt"]
[Date "2019.12.28"]
[Round "4.57"]
[White "Schellmann, Frank"]
[Black "Müller, Frank"]
[Result "1-0"]
[WhiteElo "1992"]
[BlackElo "2094"]
[PlyCount "59"]
[EventDate "2019.12.26"]

1. e4 c5 2. Nf3 e6 3. c3 Nf6 4. e5 Nd5 5. Bc4 Nb6 6. Bb3 d6 7. d4 cxd4 8. cxd4
Nc6 9. Qe2 Be7 10. O-O dxe5 11. dxe5 Qc7 12. Nc3 a6 13. Bf4 Nd7 14. Rac1 Qa5
15. a3 h6 16. h3 g5 17. Bg3 h5 18. Rfe1 g4 19. hxg4 hxg4 20. Nd2 Rg8 21. Nc4
Qc5 22. Ne4 Nd4 23. Qd1 Qa7 24. Ncd6+ Bxd6 25. Nxd6+ Ke7 26. Bh4+ f6 27. Nxc8+
Raxc8 28. exf6+ Nxf6 29. Rxc8 Rxc8 30. Qxg4 1-0

[Event "29. Erfurter Schachfestival 2019 - Meis"]
[Site "Erfurt"]
[Date "2019.12.28"]
[Round "4.58"]
[White "Dobierzin, Olaf"]
[Black "Eckardt, Joshua"]
[Result "0-1"]
[WhiteElo "2056"]
[BlackElo "2277"]
[PlyCount "96"]
[EventDate "2019.12.26"]

1. e4 e6 2. d4 d5 3. e5 c5 4. c3 Nc6 5. Nf3 Bd7 6. Be2 Nge7 7. Na3 cxd4 8. cxd4
Nf5 9. Nc2 Qb6 10. O-O Na5 11. b3 Bb5 12. Bxb5+ Qxb5 13. Ne3 Nxe3 14. Bxe3 Be7
15. Rc1 Nc6 16. Bg5 Ba3 17. Rc2 h6 18. Be3 O-O 19. Qd2 Rfc8 20. Rd1 b6 21. h3
Kh7 22. Qe2 a6 23. Ne1 Nb4 24. Qxb5 axb5 25. Re2 Ra7 26. Kf1 Kg8 27. g3 Kf8 28.
Bd2 Nxa2 29. Ra1 Be7 30. Be3 Rca8 31. Nd3 Nb4 32. Rxa7 Rxa7 33. Nxb4 Bxb4 34.
Rb2 Ra1+ 35. Ke2 Bc3 36. Rc2 b4 37. Bd2 Bxd4 38. Bxb4+ Kg8 39. Bd6 Rb1 40. Kd3
Bc5 41. Bxc5 Rxb3+ 42. Ke2 bxc5 43. Rxc5 g5 44. Kf1 Rb1+ 45. Kg2 Rb4 46. f3
Rb2+ 47. Kf1 Kg7 48. Rc3 Kg6 0-1

[Event "29. Erfurter Schachfestival 2019 - Meis"]
[Site "Erfurt"]
[Date "2019.12.28"]
[Round "4.59"]
[White "Dittrich, Tom"]
[Black "Chassard, Cedric"]
[Result "0-1"]
[WhiteElo "1915"]
[BlackElo "2049"]
[PlyCount "68"]
[EventDate "2019.12.26"]

1. e4 e5 2. Nf3 Nc6 3. Bc4 Bc5 4. c3 Nf6 5. d3 O-O 6. b4 Bb6 7. a4 a6 8. Qb3 d6
9. O-O Bg4 10. Nbd2 Nh5 11. h3 Bd7 12. Kh2 Nf4 13. Nb1 Qf6 14. Qd1 Kh8 15. Bxf4
Qxf4+ 16. g3 Qh6 17. Nh4 Ne7 18. Qd2 Qh5 19. Bb3 g5 20. Bd1 Qh6 21. Nf5 Nxf5
22. exf5 Bxf5 23. h4 Rg8 24. h5 Qe6 25. Bf3 c6 26. Na3 Bh3 27. Nc4 Bd8 28. Rfe1
g4 29. Bg2 Bxg2 30. Kxg2 Qd5+ 31. Re4 f5 32. Ne3 Qe6 33. Rc4 d5 34. Rc5 b6 0-1

[Event "29. Erfurter Schachfestival 2019 - Meis"]
[Site "Erfurt"]
[Date "2019.12.28"]
[Round "4.60"]
[White "Geißhirt, Marco"]
[Black "Schmidt, Kai-Uwe"]
[Result "1-0"]
[WhiteElo "2022"]
[BlackElo "1982"]
[PlyCount "51"]
[EventDate "2019.12.26"]

1. e4 c5 2. b4 b6 3. bxc5 bxc5 4. Nf3 Nf6 5. Nc3 Nc6 6. Bb5 Nd4 7. Ba4 Bb7 8.
d3 e6 9. O-O Nxf3+ 10. Qxf3 Bd6 11. Rb1 Qc8 12. Nb5 Bb8 13. Bg5 a6 14. Na3 Qc7
15. g3 h5 16. Nc4 Ng4 17. Bf4 e5 18. Bd2 a5 19. Bxa5 Rxa5 20. Nxa5 Qxa5 21.
Rxb7 O-O 22. Bxd7 Qxa2 23. Rfb1 Bd6 24. R7b2 Qa6 25. Bxg4 hxg4 26. Qxg4 1-0

[Event "29. Erfurter Schachfestival 2019 - Meis"]
[Site "Erfurt"]
[Date "2019.12.28"]
[Round "4.61"]
[White "Gründer, Michael"]
[Black "Höhn, Michael"]
[Result "1/2-1/2"]
[WhiteElo "1902"]
[BlackElo "2018"]
[PlyCount "57"]
[EventDate "2019.12.26"]

1. Nf3 Nf6 2. c4 g6 3. g3 Bg7 4. Bg2 O-O 5. O-O c5 6. Nc3 d5 7. cxd5 Nxd5 8. d4
cxd4 9. Nxd4 Nxc3 10. bxc3 a6 11. Be3 Qc7 12. Qc1 Nd7 13. Rb1 Rb8 14. Qa3 e5
15. Nc2 Re8 16. Nb4 Nf6 17. Nd5 Nxd5 18. Bxd5 Bf8 19. Qb3 b5 20. a4 Bf5 21. Ra1
Be6 22. Bxe6 Rxe6 23. Rfb1 Rc6 24. Qd5 Rd8 25. Qf3 bxa4 26. Rxa4 Qd7 27. Kg2
Rxc3 28. Rxa6 Qd5 29. Qxd5 1/2-1/2

[Event "29. Erfurter Schachfestival 2019 - Meis"]
[Site "Erfurt"]
[Date "2019.12.28"]
[Round "4.62"]
[White "Pellicoro, Nathalie"]
[Black "Smit, Frans"]
[Result "1-0"]
[WhiteElo "1860"]
[BlackElo "2009"]
[PlyCount "73"]
[EventDate "2019.12.26"]

1. e4 e6 2. d4 d5 3. Nd2 c5 4. exd5 Qxd5 5. Ngf3 cxd4 6. Bc4 Qd6 7. O-O Nf6 8.
Nb3 Nc6 9. Nbxd4 Nxd4 10. Nxd4 Qc7 11. Bb3 a6 12. Re1 Bd6 13. Nf5 Bxh2+ 14. Kh1
O-O 15. Nxg7 Rd8 16. Qf3 Kxg7 17. Bh6+ Kg6 18. c3 Nd5 19. Qh3 Bf4 20. Bc2+ f5
21. g4 Bxh6 22. gxf5+ exf5 23. Rg1+ Bg5 24. Rxg5+ Kxg5 25. Rg1+ Kf6 26. Qh6+
Kf7 27. Rg7+ Ke8 28. Rg8+ Ke7 29. Rg7+ Ke8 30. Rg8+ Ke7 31. Qg5+ Kd6 32. Rxd8+
Kc6 33. Qh6+ Kc5 34. b4+ Kc4 35. Rxd5 Kxd5 36. Bb3+ Ke4 37. Qe3# 1-0

[Event "29. Erfurter Schachfestival 2019 - Meis"]
[Site "Erfurt"]
[Date "2019.12.28"]
[Round "4.63"]
[White "Matthäi, Jakob"]
[Black "Maiwald, Harald"]
[Result "0-1"]
[WhiteElo "1838"]
[BlackElo "2005"]
[PlyCount "78"]
[EventDate "2019.12.26"]

1. e4 c5 2. c3 d5 3. exd5 Qxd5 4. d4 Nf6 5. Nf3 g6 6. Be3 cxd4 7. cxd4 Bg7 8.
Nc3 Qa5 9. Bd3 O-O 10. O-O Nc6 11. a3 Rd8 12. b4 Qh5 13. Be2 Ng4 14. h3 Nxe3
15. fxe3 Qh6 16. Qc1 Be6 17. Re1 Rac8 18. Bf1 Qh5 19. Be2 Qh6 20. Bf1 f5 21.
Kh1 Bf7 22. Bb5 e5 23. Bxc6 Rxc6 24. Qb2 exd4 25. Nxd4 Rxd4 26. exd4 Bxd4 27.
Rac1 Qg7 28. Rcd1 Qf6 29. Rxd4 Qxd4 30. Na4 Qxb2 31. Nxb2 Rc2 32. Nd3 Bd5 33.
Nf4 Be4 34. Re2 Rxe2 35. Nxe2 Kf7 36. Kg1 Ke6 37. Kf2 Kd5 38. Ke3 Kc4 39. Nd4
Bxg2 0-1

[Event "29. Erfurter Schachfestival 2019 - Meis"]
[Site "Erfurt"]
[Date "2019.12.28"]
[Round "4.64"]
[White "Grund, Sebastian"]
[Black "Brendel, Bergit"]
[Result "0-1"]
[WhiteElo "2000"]
[BlackElo "1970"]
[PlyCount "80"]
[EventDate "2019.12.26"]

1. d4 Nf6 2. Nf3 g6 3. c4 Bg7 4. g3 O-O 5. Bg2 d6 6. O-O Nc6 7. Nc3 Bf5 8. Ne1
Qd7 9. e4 Bg4 10. f3 Bh3 11. d5 Na5 12. Qe2 Bxg2 13. Nxg2 c5 14. Bd2 Rfb8 15.
Rab1 a6 16. b4 cxb4 17. Rxb4 Qc7 18. Na4 b5 19. cxb5 axb5 20. Rc1 Nc4 21. Nb2
Qb6+ 22. Kh1 Nxd2 23. Qxd2 Rxa2 24. Ne1 Nd7 25. Ned3 Qa5 26. Rc2 Nc5 27. Kg2
Qa3 28. Nc1 Ra1 29. Nc4 Qa7 30. Nb2 Na6 31. Rb3 b4 32. Nbd3 Bc3 33. Rcxc3 bxc3
34. Qxc3 Rxb3 35. Qc8+ Kg7 36. Nxb3 Ra2+ 37. Kh3 Qg1 38. Qc3+ f6 39. Nd2 Nc5
40. Nxc5 Qxc5 0-1

[Event "29. Erfurter Schachfestival 2019 - Meis"]
[Site "Erfurt"]
[Date "2019.12.28"]
[Round "4.65"]
[White "Bajorski, Marius"]
[Black "Tenold, Andreas"]
[Result "0-1"]
[WhiteElo "1994"]
[BlackElo "1926"]
[PlyCount "70"]
[EventDate "2019.12.26"]

1. d4 Nf6 2. Nc3 d5 3. Bf4 e6 4. e3 Bd6 5. Nf3 O-O 6. Bd3 c5 7. dxc5 Bxc5 8.
O-O Nc6 9. h3 Qe7 10. Ne5 Bd6 11. Nxc6 bxc6 12. Bxd6 Qxd6 13. e4 e5 14. exd5
cxd5 15. Nb5 Qb6 16. b3 Bd7 17. a4 a6 18. Na3 Rfe8 19. c4 e4 20. cxd5 exd3 21.
Qxd3 Rab8 22. Rab1 Ne4 23. Nc4 Qb4 24. Rfe1 Nd6 25. Rxe8+ Rxe8 26. Qd2 Qxd2 27.
Nxd2 Re5 28. Nc4 Rxd5 29. Nb6 Bf5 30. Re1 Rd4 31. g4 Be6 32. a5 g6 33. Re3 Rb4
34. Rd3 Nb5 35. Nd5 Bxd5 0-1

[Event "29. Erfurter Schachfestival 2019 - Meis"]
[Site "Erfurt"]
[Date "2019.12.28"]
[Round "4.66"]
[White "Rettore, Ludwig"]
[Black "Weimert, Miriam"]
[Result "1/2-1/2"]
[WhiteElo "2081"]
[BlackElo "1845"]
[PlyCount "30"]
[EventDate "2019.12.26"]

1. Nf3 c5 2. e4 a6 3. d4 cxd4 4. Nxd4 e5 5. Nb3 Nf6 6. Nc3 Bb4 7. Bd3 d5 8.
exd5 Bxc3+ 9. bxc3 Qxd5 10. O-O O-O 11. Ba3 Re8 12. Qe2 e4 13. Bc4 Qg5 14. Nd4
b5 15. Bb3 Bb7 1/2-1/2

[Event "29. Erfurter Schachfestival 2019 - Meis"]
[Site "Erfurt"]
[Date "2019.12.28"]
[Round "4.67"]
[White "Kottwitz, Daniel"]
[Black "Kurze, Christoph"]
[Result "1-0"]
[WhiteElo "1949"]
[BlackElo "2016"]
[PlyCount "54"]
[EventDate "2019.12.26"]

1. d4 Nf6 2. Bf4 d6 3. Nc3 g6 4. e4 Bg7 5. Qd2 O-O 6. O-O-O c6 7. f3 b5 8. Kb1
Nbd7 9. Bh6 b4 10. Nce2 a5 11. g4 Nb6 12. Nc1 Re8 13. h4 Bh8 14. h5 Ra7 15. Qh2
e6 16. Bg5 Qc7 17. Qh4 Nbd7 18. hxg6 fxg6 19. f4 Bg7 20. e5 Nd5 21. Qxh7+ Kf7
22. Bh6 Rg8 23. Nh3 Kf8 24. Qxg6 N7b6 25. Ng5 Rh8 26. Nh7+ Kg8 27. Qe8+ Kxh7
1-0